000 01135cam a2200217 4500
001 WB@3612-592
008 040915n2004 000 0 eng u
035 _a(Sirsi) u127427
245 _aTraffic noise map for London
260 _c2004
490 _aDEFRA News Release
_v14 September 2004 (1)
520 _aDEFRA has published a road map which shows levels of traffic noise throughout Greater London, pinpointing noise hotspots. The noisiest boroughs include Havering, Hounslow, Barnet, Westminster and Enfield. The quietest include Sutton and Hammersmith. The surveys show more Londoners think road traffic noise is a problem than aircraft noise or noisy neighbours. The map is the first part of a major government initiative to plot noise from roads, railways, aircraft and industrial premises across England. To see the map go to: http://www.noisemapping.org/. http://www.defra.gov.uk/news/latest/2004/localenv- 040914.htm
590 _aWB
590 _aWB
650 _aNOISE MAPPING
650 _aNOISE NUISANCE
650 _aLONDON
650 _aAMBIENT NOISE
690 _aMAPPING AND MEASUREMENT
942 _n0
999 _c118007
_d118007